Insight guides : Thailand.
| Format: | Book |
|---|---|
| Published: |
London:
APA Publications,
2013.
|
| Subjects: |
| LEADER | 00379cam a2200133 7i4500 | ||
|---|---|---|---|
| 001 | 0000031440 | ||
| 005 | 20141119090000.0 | ||
| 020 | 0 | 0 | |a 9781780050980 |
| 090 | 0 | 0 | |a THAI 910.202 |b INS |
| 245 | 0 | 0 | |a Insight guides : |b Thailand. |
| 260 | 0 | 0 | |a London: |b APA Publications, |c 2013. |
| 300 | # | # | |a 438 p. |
| 651 | 0 | 0 | |a Thailand -- |x Guidebooks |
| 999 | |a B000034761 |b Book |c Countries |e Business Information Centre | ||


